000 00812nac a22002051u 4500
008 100908t xxu||||| |||| 00| 0 eng d
010 _a 76380794
020 _a0333584481
082 0 0 _a624.1834
_bMOS
100 _aMosley, W. H.
_918759
245 1 0 _aReinforced Concrete Design /
_cW. H. Mosley, J. H. Bungey.
260 _aLondon :
_bMacmillan,
_c1976.
300 _axii, 350 p. :
_bill. ;
_c25 cm.
504 _aIncludes bibliographies and index.
650 0 _aReinforced concrete construction.
_918760
650 0 _aPlastic analysis (Engineering)
_918761
700 1 _aBungey, J. H.
_918762
942 _cBB
_k624.1834MOS
_2ddc
999 _c4419
_d4419